| 000 | 00464nam a22001337a 4500 | ||
|---|---|---|---|
| 082 |
_a363.61098 _bIDE _cD |
||
| 100 |
_aRingskog, Klas, Indelovitch, Emanuel., _938091 |
||
| 245 |
_aPrivate sector participation in water supply and sanitation in Latin America _cEmanuel. Idelovitch, Klas. Ringskog. |
||
| 260 |
_aWahington _bThe World bank _cMay, 1995. |
||
| 300 | _avii, 51 p. : | ||
| 526 |
_a0 _b0 _c0 _d363_610980000000000_IDE |
||
| 650 |
_aD _96527 |
||
| 942 |
_2ddc _cBK |
||
| 999 |
_c542768 _d542768 |
||